00941cam a22002537a 4500001000500000005001700005020001800022040001800040050000800058100001900066245002900085250001900114260004300133300006000176490001200236505000800248520027100256521002000527521002000547650003100567700002400598700003500622700003000657437420240816090412.0 a9780061853777 aDLCcDLCbeng00a4191 aLe Ny, Jeanine10aMarley steals the show / aFirst edition  aNew York :bHarperFestival , c2010 .  a24 unnumbered pages : bcolor illustrations ;c21 cm .  aMarley  aO  aMarley's family has big hopes when they enter him in the local pet show, but things don't go as planned. From grooming disasters to chaos backstage, this is the one event the town will never forget. Will Marley's giant personality be enough to take home the prize?1 a600 bLexile 1 aO bRaz-Plus  adog show vchildren's book1 aGrogan, Johnd1957-1 aCowdrey, Richardeillustrator 1 aLyon, Tammieeillustrator